BIBLIOTHÈQUE DE LA MAISON DU MEXIQUE

Logo 1 Logo 2

Sumaria historia de Xalapa (notice nᵒ 11853)

détails MARC
000 -Sello discográfico
campo de control de longitud fija 00770nam a2200253 4500
005 - Identificación de versión
campo de control 20251016083719.0
035 ## - Otros números de control del sistema
Número de control del sistema 5930
099 ## - fechas locales
Tipo de ítem Koha LIBRO
100 ## - Datos de procesamiento general
Datos de procesamiento general 20040930d2001 m y1spay5003 ba
105 ## - Campo de datos codificados: Material textual, monográfico
Datos codificados de monografía a 001zy
200 1# - Título y mención de responsabilidad
Título propio Sumaria historia de Xalapa
Designación general del material texto impreso
Primer mención de responsabilidad Coordinación Gilberto Bermúdez Gorrochotegui
210 ## - Publicación, distribución, etc.
Lugar de publicación, distribución, etc. México
Nombre del editor, distribuidor, etc. H Ayuntamiento de Xalapa
Fecha de publicación, distribución, etc. 2001
215 ## - Descripción física
Designación de material específico y extensión del ítem 366 p
Otras características físicas il., fot.
Dimensiones 21 cm
345 ## - Nota de información de adquisición
Fuente de adquisición/dirección de la suscripción [OBSOLETO] Donación
607 ## - Nombre geográfico utilizado como tema
Elemento de entrada Jalapa, Veracruz (México)
Subdivisión temática Historia
Número Koha 7811
702 ## - Nombre personal - Responsabilidad secundaria
Elemento de entrada Bermúdez Gorrochotegui
Parte del nombre distinta del elemento de entrada Gilberto
Número Koha 3854
801 #0 - Fuente de origen
País FR
Agencia cm
Reglas de catalogación (convenciones descriptivas) AFNOR
900 ## -
-- 1/8194
900 ## -
-- 7100419960\300904
942 ## - ELEMENTOS DE ENTRADA SECUNDARIOS (KOHA)
Tipo de ítem Koha Livre
996 ## -
-- MEX
-- 751145101
-- MMAG
-- 002997
-- 972.62 B516S
-- 20120705LIV
Exemplaires
Estatus retirado Estado de daño Estado de pérdida Fecha de adquisición Biblioteca de origen Biblioteca actual Ubicación en estantería Código de barras Precio de reemplazo Signatura topográfica completa No para préstamo Tipo de ítem Koha Nota pública Nota no pública
      05/08/2025 Casa México Paris Casa México Paris   002997 05/08/2025 972.62 B516S   Livre 20120705LIV 751145101